Catálogo

La lengua española y los medios de comunicación / (Registro nro. 63168)

Detalles MARC
000 -LEADER
fixed length control field 01225cam a2200325 i 4500
001 - CONTROL NUMBER
control field 63168
005 - DATE AND TIME OF LATEST TRANSACTION
control field 20180714065501.0
008 - FIXED-LENGTH DATA ELEMENTS--GENERAL INFORMATION
fixed length control field 140415s1998 mx r 000 0 spa d
020 ## - INTERNATIONAL STANDARD BOOK NUMBER
International Standard Book Number 9682321093 (obra completa)
020 ## - INTERNATIONAL STANDARD BOOK NUMBER
International Standard Book Number 9682321107 (t. 1)
020 ## - INTERNATIONAL STANDARD BOOK NUMBER
International Standard Book Number 9682321115 (t. 2)
040 ## - CATALOGING SOURCE
Original cataloging agency MX-PuUPA
Language of cataloging spa
Description conventions rda
Transcribing agency Mx-PuUPA
Modifying agency Mx-PuUPA
041 ## - LANGUAGE CODE
Language code of text/sound track or separate title spa
082 0# - DEWEY DECIMAL CLASSIFICATION NUMBER
Classification number 463
Item number LEN
111 20 - MAIN ENTRY--MEETING NAME
Meeting name or jurisdiction name as entry element Congreso Internacional de la Lengua Española.
245 13 - TITLE STATEMENT
Title La lengua española y los medios de comunicación /
Statement of responsibility, etc. cuidado editorial Luis Cortés Bargalló, Carlos García-Tort, Carlos Mapes.
250 ## - EDITION STATEMENT
Edition statement Primera edición
264 #1 - PRODUCTION, PUBLICATION, DISTRIBUTION, MANUFACTURE, AND COPYRIGHT NOTICE
Place of production, publication, distribution, manufacture México, España :
Name of producer, publisher, distributor, manufacturer Siglo xxi Editores,
Date of production, publication, distribution, manufacture, or copyright notice 1998
Name of producer, publisher, distributor, manufacturer Secretaria de Educación Pública,
-- Instituto Cervantes
300 ## - PHYSICAL DESCRIPTION
Extent 2 volúmenes (paginación varía) ;
Dimensions 23 cm.
336 ## - CONTENT TYPE
Content type term texto
Source rdacontent
337 ## - MEDIA TYPE
Media type term sin mediación
Source rdamedia
338 ## - CARRIER TYPE
Carrier type term volumen
Source rdacarrier
490 0# - SERIES STATEMENT
Series statement Lingüistica y teoría literaria
650 #4 - SUBJECT ADDED ENTRY--TOPICAL TERM
Topical term or geographic name entry element Comunicación
General subdivision Congresos
650 #4 - SUBJECT ADDED ENTRY--TOPICAL TERM
Topical term or geographic name entry element Español
General subdivision Congresos
650 #4 - SUBJECT ADDED ENTRY--TOPICAL TERM
Topical term or geographic name entry element Lenguaje y lenguas
General subdivision Congresos
700 1# - ADDED ENTRY--PERSONAL NAME
Personal name Cortés Bargalló, Luis,
Relator term editor
700 1# - ADDED ENTRY--PERSONAL NAME
Personal name García-Tort, Carlos,
Relator term editor
700 1# - ADDED ENTRY--PERSONAL NAME
Personal name Mapes, Carlos,
Relator term editor
Existencias
Withdrawn status Lost status Source of classification or shelving scheme Damaged status Not for loan Collection code Home library Current library Shelving location Date acquired Source of acquisition Inventory number Total Checkouts Full call number Barcode Date last seen Price effective from Koha item type
    Dewey Decimal Classification     General Biblioteca Karol Wojtyla Biblioteca Karol Wojtyla Sala general 21/11/2017 Compra 151000000000000000042215   463 LEN 1998 98449 05/01/2026 21/11/2017 Libro
    Dewey Decimal Classification     General Biblioteca Karol Wojtyla Biblioteca Karol Wojtyla Sala general 21/11/2017 Compra 151000000000000000042214   463 LEN 1998 98442 05/01/2026 21/11/2017 Libro
    Dewey Decimal Classification     General Tehuacán Tehuacán Sala general 03/07/2015 Compra     460.63 SEP 1998 509817 08/01/2025 03/07/2015 Libro
    Dewey Decimal Classification     General Tehuacán Tehuacán Sala general 03/07/2015 Compra     460.63 SEP 1998 509818 08/01/2025 03/07/2015 Libro